Απομνημονεύματα Μακρυγιάννη

Αποθηκεύτηκε σε:
Λεπτομέρειες βιβλιογραφικής εγγραφής
Κύριος συγγραφέας: Μακρυγιάννης, Ιωάννης, 1797-1864
Άλλοι συγγραφείς: Βλαχογιάννης, Γιάννης, 1867-1945 (Επιμελητής έκδοσης, Συγγραφέας εισαγωγής κ.λπ.)
Μορφή: Βιβλίο
Γλώσσα:Greek
Δημοσίευση: Αθήνα : Ιστορική Έρευνα, [194-].
Θέματα:
Ετικέτες: Προσθήκη ετικέτας
Δεν υπάρχουν, Καταχωρήστε ετικέτα πρώτοι!

MARC

LEADER 00000cam a2200000 i 4500
001 1/53277
008 941103q194u gr | ||| |||| ||gre||
035 |a 1994  |c ΔΩΡΕΑ  |l 10044664 
040 |a GR-MyUA  |b gre  |e AACR2 
041 0 |a gre 
082 7 |a 938.5092   |2 (22) 
100 1 |a Μακρυγιάννης, Ιωάννης,   |d 1797-1864. 
245 1 0 |a Απομνημονεύματα Μακρυγιάννη /   |c Ιωάννου Μακρυγιάννη ; πρόλογος, επιμέλεια: Γιάννη Βλαχογιάννη.  
260 |a Αθήνα :   |b Ιστορική Έρευνα,   |c [194-].  
300 |a 574 σ. ;   |c 25 εκ. 
600 1 0 |a Μακρυγιάννης, Ιωάννης,   |d 1797-1864. 
651 0 |a Greece  |x History  |y War of Independence, 1821-1829  |x Sources. 
700 1 |a Βλαχογιάννης, Γιάννης,   |d 1867-1945,  |e edt  |e aui 
852 |a INST  |b SAMOS  |e 19941103  |h 938.5092 ΜΑΚ  |p 005300000439  |q 005300000439  |t BK  |y 0 
909 |a Σ  |b 027852 
970 |z 1994/11